日本産業百年史

保存先:
書誌詳細
フォーマット: 図書
言語:Undetermined
出版事項: 東京 日本経済新聞社 1966
主題:
タグ: タグ追加
タグなし, このレコードへの初めてのタグを付けませんか!
Thư viện lưu trữ: Trung tâm Học liệu Trường Đại học Cần Thơ
LEADER 00489nam a2200181Ia 4500
001 CTU_83354
008 210402s9999 xx 000 0 und d
082 |a 338.0952 
082 |b Y21 
245 0 |a 日本産業百年史 
245 0 |c 山口和雄,有沢広巳 ... [et al] 
260 |a 東京 
260 |b 日本経済新聞社 
260 |c 1966 
650 |a Economic conditions 
650 |x Japan 
904 |i Ngoc, QHieu 
980 |a Trung tâm Học liệu Trường Đại học Cần Thơ